Presidentes de la República Argentina - Estadísticas

Estadísticas generales
  • Esta prueba ha sido intentada 15.295 veces
    8.489 desde el último reinicio
  • La puntuación promedio es 30 de 58
Estadísticas de respuestas
Período Presidente Partido - Frente % Correcto
2023- Javier Milei Partido Libertario - LLA
98%
2007-2015 Cristina Fernández de Kirchner Partido Justicialista - FPV
94%
2019-2023 Alberto Fernández Partido Justicialista - FdT
93%
1973-1974 Juan Domingo Perón Partido Justicialista
92%
1946-1955 Juan Domingo Perón Partido Laborista - Partido Peronista
92%
2015-2019 Mauricio Macri PRO - Cambiemos
92%
2003-2007 Néstor Carlos Kirchner Partido Justicialista - FPV
92%
1989-1999 Carlos Saúl Menem Partido Justicialista
87%
1976-1981 Jorge Rafael Videla Militar - De facto
85%
1999-2001 Fernando de la Rúa Unión Cívica Radical - Alianza
83%
1983-1989 Raul Ricardo Alfonsín Unión Cívica Radical
82%
1898-1904 Julio Argentino Roca Partido Autonomista Nacional
71%
1880-1886 Julio Argentino Roca Partido Autonomista Nacional
71%
1868-1874 Domingo Faustino Sarmiento Independiente
69%
1928-1930 Hipólito Yrigoyen Unión Cívica Radical
69%
1916-1922 Hipólito Yrigoyen Unión Cívica Radical
69%
2002-2003 Eduardo Alberto Duhalde Partido Justicialista
68%
1974-1976 María Estela Martínez de Perón Partido Justicialista
63%
1862-1868 Bartolomé Mitre Partido Nacionalista
62%
1963-1966 Arturo Umberto Illia Unión Cívica Radical del Pueblo
61%
1981-1982 Leopoldo Fortunato Galtieri Militar -De facto
60%
2001 Adolfo Rodríguez Saá Partido Justicialista
56%
1958-1962 Arturo Frondizi Unión Cívica Radical Intransigente
56%
1973 Héctor José Cámpora Partido Justicialista
56%
1895-1898 José Evaristo de Uriburu Partido Autonomista Nacional
53%
1930-1932 José Félix Uriburu Militar - De facto
53%
1874-1880 Nicolás Avellaneda Partido Autonomista Nacional
53%
1854-1860 Justo José de Urquiza Partido Federal
52%
1966-1970 Juan Carlos Onganía Militar - De facto
50%
1892-1895 Luis Sáenz Peña Partido Autonomista Nacional
49%
1910-1914 Roque Sáenz Peña Partido Autonomista Nacional
49%
1922-1928 Marcelo Torcuato de Alvear Unión Cívica Radical
48%
1955-1958 Pedro Eugenio Aramburu Militar - De facto
47%
2001 Federico Ramón Puerta Partido Justicialista - Interino
46%
1981 Roberto Eduardo Viola Militar - De facto
46%
1971-1973 Alejandro Agustín Lanusse Militar - De facto
41%
1932-1938 Agustín Pedro Justo Unión Cívica Radical
37%
1890-1892 Carlos Pellegrini Partido Autonomista Nacional
37%
1982-1983 Reynaldo Bignone Militar -De facto
37%
1962-1963 José María Guido Unión Cívica Radical Intransigente
36%
1944-1946 Edelmiro Julián Farrell Militar - De facto
34%
1970-1971 Roberto Marcelo Levingston Militar - De facto
34%
2001-2002 Eduardo Camaño Partido Justicialista - Interino
33%
1886-1890 Miguel Ángel Juárez Celman Partido Autonomista Nacional
32%
1906-1910 José Figueroa Alcorta Partido Autonomista Nacional
31%
1860-1861 Santiago Derqui Partido Federal
31%
1942-1943 Ramón S. Castillo Partido Demócrata Nacional
30%
1914-1916 Victorino de la Plaza Partido Autonomista Nacional
30%
1943-1944 Pedro Pablo Ramírez Militar - De facto
29%
1938-1942 Roberto Marcelino Ortiz Unión Cívica Radical Antipersonalista
29%
1973 Raúl Alberto Lastiri Partido Justicialista
27%
1904-1906 Manuel Quintana Partido Autonomista Nacional
26%
1943 Arturo Rawson Militar - De facto
25%
1955 Eduardo Lonardi Militar - De facto
25%
1861 Juan Esteban Pedernera Partido Federal
21%
1982 Alfredo Oscar Saint-Jean Militar - Interino
18%
1981 Carlos Alberto Lacoste Militar - Interino
18%
1955 José Domingo Molina Gómez Militar - Interino
11%
No se encontraron pruebas coincidentes
Distribución de puntuación
Porcentaje de gente con cada puntuación
Porcentaje por número respondido
Historial de tus puntuaciones
No has intentado esta prueba desde el último reinicio